000 00410pab a2200157 454500
008 180718b2005 xxu||||| |||| 00| 0 eng d
100 _aBhosle, Smriti
245 _aParisar vikar: a programme for women rag pickers in Mumbai
260 _c2005
300 _ap.33-36.
362 _aNov
650 _aRag pickers - India - Maharashtra
650 _aRag pickers
773 _aSocial Welfare
909 _a67630
999 _c67630
_d67630